| 000 | 00946nam a2200241Ia 4500 | ||
|---|---|---|---|
| 003 | GCL | ||
| 008 | 140319s9999 xx 000 0 ara d | ||
| 020 | _a1639601977 | ||
| 040 |
_aGCL / _cGCL |
||
| 082 | 0 | 4 |
_aق _b327.620644 _bت س |
| 100 | 1 | _aتمام همام تمام | |
| 245 | 1 | 0 |
_aالسياسة المصرية تجاه السودان 1936 - 1953 / _cتمام همام تمام |
| 260 |
_aالقاهرة : _bالهيئة المصرية العامة للكتاب ، _c1999 |
||
| 300 |
_a274 ص ؛ _c22 سم |
||
| 490 |
_aتاريخ المصريين _v162 |
||
| 650 | 0 | 4 | _aالسياسة الخارجية |
| 650 | 0 | 4 | _aاستقلال البلاد العربية |
| 650 | 0 | 4 | _aالسودان - العلاقات الخارجية |
| 650 | 0 | 4 | _aالسودان - تاريخ - العصر الحديث |
| 650 | 0 | 4 | _aمصر - العلاقات الخارجية |
| 650 | 0 | 4 | _aمصر - تاريخ - العصر الحديث |
| 942 |
_2ddc _cBK |
||
| 999 |
_c42729 _d42729 |
||